zpět

Detail výsledku týmu

Stodola, Olomouc

Datum a čas kvízu

37.5 Celkem bodů Celkový počet nahraných bodů na tomto kvízu bez doplňovacích otázek.
4. Pořadí na kvízu Konečné umístění týmu na tomto kvízu.

Zaznamenané odpovědi

# Otázka Odpověď Body Výsledky
1. Možný budoucí premiér Andrej B... 1B 2D 3A 4C 0
2. Již poněkolikáté vyhrál volby... po Adolfu Hitlerovi 0
3. Agentura AP minulý týden zveře... rapu 1
4. Minulý týden jsme se dozvěděli... Five Guys 0
5. V pondělní dohrávce 12. kola P... inzultoval spoluhráče (udeřil jej/vlepil mu facku) 1
6. Seřaďte tyto ostrovy dle rozlo... 1D 2B 3A 4C 0
7. Nyní přiřaďte ostrovy ke států... 1A 2C 3B 4D 1
8. Kterému ostrovnímu středomořsk... Kypr 1
9. Nyní si odskočíme ke kinematog... Řek Zorba, Anthony Quinn 1
10. Ke kterému středomořskému ostr... Elba 1